Second selections from the 1954 hand pollination programme (Record no. 47024)

MARC details
000 -LEADER
fixed length control field 00541nam a2200193Ia 4500
100 ## - MAIN ENTRY--AUTHOR NAME
Personal name Nazeer M A
245 #0 - TITLE STATEMENT
Title Second selections from the 1954 hand pollination programme
260 ## - PUBLICATION, DISTRIBUTION, ETC. (IMPRINT)
Name of publisher Indian Journal of Natural Rubber Research
Year of publication 1989
300 ## - PHYSICAL DESCRIPTION
Number of Pages 131-133
650 ## - SUBJECT ADDED ENTRY--TOPICAL TERM
Topical Term Hand pollination
650 ## - SUBJECT ADDED ENTRY--TOPICAL TERM
Topical Term Hand pollination
650 ## - SUBJECT ADDED ENTRY--TOPICAL TERM
Topical Term Hevea brasiliensis
650 ## - SUBJECT ADDED ENTRY--TOPICAL TERM
Topical Term Hevea brasiliensis
700 ## - ADDED ENTRY--PERSONAL NAME
Personal name George P J
700 ## - ADDED ENTRY--PERSONAL NAME
Personal name Panikkar A O N
700 ## - ADDED ENTRY--PERSONAL NAME
Personal name Premakumari D
942 ## - ADDED ENTRY ELEMENTS (KOHA)
Koha item type Articles
Holdings
Withdrawn status Lost status Damaged status Not for loan Home library Current library Shelving location Date acquired Serial Enumeration / chronology Koha item type
      Articles RRII Library RRII Library Botany 20/12/2021 Volume 2, Issue 2 Articles